| 000 | 00914nam a2200205Ia 4500 | ||
|---|---|---|---|
| 003 | GCL | ||
| 008 | 140319s9999 xx 000 0 ara d | ||
| 040 |
_aGCL / _cGCL |
||
| 082 | 0 | 4 |
_a327.1273 _bم ر |
| 100 | 1 | _aمصطفى عبدالغنى | |
| 245 | 1 | 0 |
_aالرقابة المركزية الامريكية على الانترنت فى الوطن العربى / _cمصطفى عبدالغنى |
| 250 | _aالاولى | ||
| 260 |
_aالقاهرة : _bدار العين للنشر ، _c2006 |
||
| 300 |
_a171 ص ؛ _c24 سم |
||
| 650 | 0 | 4 | _aالإنترنت - رقابة - الولايات المتحدة الامريكية |
| 650 | 0 | 4 | _aالحاسبات الالكترونية - رقابة - الولايات المتحدة الامريكية - الوطن العر |
| 650 | 0 | 4 | _aالحاسبات الالكترونية - التصنت |
| 650 | 0 | 4 | _aالإنترنت - الوطن العربى |
| 942 |
_2ddc _cBK |
||
| 999 |
_c9780 _d9780 |
||